Pharmaceutical chemisry (Record no. 1955)
[ view plain ]
| 000 -LEADER | |
|---|---|
| fixed length control field | 00456nam a22001697a 4500 |
| 003 - CONTROL NUMBER IDENTIFIER | |
| control field | OSt |
| 005 - DATE AND TIME OF LATEST TRANSACTION | |
| control field | 20150602131508.0 |
| 008 - FIXED-LENGTH DATA ELEMENTS--GENERAL INFORMATION | |
| fixed length control field | 150602b xxu||||| |||| 00| 0 eng d |
| 020 ## - INTERNATIONAL STANDARD BOOK NUMBER | |
| International Standard Book Number | 9780443072338 |
| 040 ## - CATALOGING SOURCE | |
| Transcribing agency | DNLM |
| 100 ## - MAIN ENTRY--PERSONAL NAME | |
| Personal name | editor Watson david G |
| 9 (RLIN) | 5136 |
| 245 ## - TITLE STATEMENT | |
| Title | Pharmaceutical chemisry |
| 260 ## - PUBLICATION, DISTRIBUTION, ETC. (IMPRINT) | |
| Place of publication, distribution, etc. | edinburgh; |
| Name of publisher, distributor, etc. | churchill livingstone, |
| Date of publication, distribution, etc. | 2011 |
| 300 ## - PHYSICAL DESCRIPTION | |
| Extent | ix,639p. |
| Other physical details | ill; |
| Dimensions | 25cm |
| 504 ## - BIBLIOGRAPHY, ETC. NOTE | |
| Bibliography, etc | index included |
| 942 ## - ADDED ENTRY ELEMENTS (KOHA) | |
| Source of classification or shelving scheme | Other/Generic Classification Scheme |
| Koha item type | Open Shelf |
| Call number prefix | QX744 P494d 2011 |
| Withdrawn status | Lost status | Source of classification or shelving scheme | Damaged status | Not for loan | Home library | Current library | Date acquired | Source of acquisition | Inventory number | Total Checkouts | Barcode | Date last seen | Date last checked out | Koha item type | Total Renewals |
|---|---|---|---|---|---|---|---|---|---|---|---|---|---|---|---|
| Other/Generic Classification Scheme | MUST Main Library | MUST Main Library | 02/06/2015 | 14/37919 | 2 | 2015-1722 | 03/04/2023 | 06/02/2023 | Open Shelf | ||||||
| Other/Generic Classification Scheme | MUST Main Library | MUST Main Library | 10/01/2017 | 14/37920 | 7 | 2017-0003 | 27/08/2025 | 12/08/2025 | Open Shelf | 2 |
